Financial Accounting (A managerial Prespective) (Record no. 614)

MARC details
000 -LEADER
fixed length control field 00420nam a22001697a 4500
005 - DATE AND TIME OF LATEST TRANSACTION
control field 20210901141319.0
008 - FIXED-LENGTH DATA ELEMENTS--GENERAL INFORMATION
fixed length control field 160512b xxu||||| |||| 00| 0 eng d
020 ## - INTERNATIONAL STANDARD BOOK NUMBER
ISBN 978-81-203-35362-2
041 ## - LANGUAGE CODE
Language code of text/sound track or separate title eng
082 ## - DEWEY DECIMAL CLASSIFICATION NUMBER
Item number 1470
Classification number 657
100 ## - MAIN ENTRY--AUTHOR NAME
Personal name Narayanaswamy R.
245 ## - TITLE STATEMENT
Title Financial Accounting (A managerial Prespective)
260 ## - PUBLICATION, DISTRIBUTION, ETC. (IMPRINT)
Place of publication New Delhi
Name of publisher PHI,
300 ## - PHYSICAL DESCRIPTION
Number of Pages 699
650 ## - SUBJECT ADDED ENTRY--TOPICAL TERM
Topical Term Management
942 ## - ADDED ENTRY ELEMENTS (KOHA)
Koha item type Books
Holdings
Lost status Damaged status Collection code Home library Current library Shelving location Date acquired Cost, normal purchase price Full call number Accession Number Koha item type Source of acquisition
    MANAGEMENT JRU Library JRU Library SHELF-71-J 12/05/2016 375.00 657 1470 Books  
    LAW JRU Library   SHELF-32-B 12/05/2016 375.00 657 1471 Books  
    LAW JRU Library   SHELF-32-B 12/05/2016 375.00 657 1472 Books  
    MANAGEMENT JRU Library JRU Library SHELF-71-J 12/05/2016 375.00 657 1473 Books  
    Reference JRU Library JRU Library SHELF-1-D 12/05/2016 375.00 657 1474 Books PURCHASE
    MANAGEMENT JRU Library JRU Library SHELF-71-J 12/05/2016 375.00 657 1475 Books  
      JRU Library   SHELF-28-H 12/05/2016 375.00 657 1476 Books  
    Reference JRU Library JRU Library SHELF-1-D 12/05/2016 375.00 657 1477 Books PURCHASE
    MANAGEMENT JRU Library JRU Library SHELF-71-J 12/05/2016 375.00 657 1478 Books